书目信息 |
| 题名: |
雅思标准教材
|
|
| 作者: | 陆航 , 檀琦 主编 ;张争 编著 | |
| 分册: | 阅读分册 | |
| 出版信息: | 北京 中国人民大学出版社 2014 |
|
| 页数: | 209页 | |
| 开本: | 26cm | |
| 丛书名: | ||
| 单 册: | ||
| 中图分类: | H310.41 | |
| 科图分类: | ||
| 主题词: | 英语--Ying Yu--水平考试--教材 , 英语--Ying Yu--阅读教学--水平考试--教材 | |
| 电子资源: | ||
| ISBN: | 978-7-300-18320-6 | |
| 000 | 01044nam0 22002891 450 | |
| 001 | 351165 | |
| 005 | 20161012093423.31 | |
| 010 | @a978-7-300-18320-6@dCNY35.00 | |
| 100 | @a20140325d2014 em y0chiy50 ea | |
| 101 | 0 | @achi@aeng |
| 102 | @aCN@b110000 | |
| 105 | @ay z 000yy | |
| 106 | @ar | |
| 200 | 1 | @a雅思标准教材@AYa Si Biao Zhun Jiao Cai@i阅读分册@f陆航,檀琦主编@g张争编著 |
| 210 | @a北京@c中国人民大学出版社@d2014 | |
| 215 | @a209页@d26cm | |
| 312 | @a封面英文题名: A standard gurriculum for IELTS reading | |
| 330 | @a本书分为四章,内容包括:雅思阅读简介、培养雅思学术类阅读核心备考能力、常见题型及解题技巧、雅思阅读模拟练习。 | |
| 510 | 1 | @aStandard gurriculum for IELTS reading@zeng |
| 606 | 0 | @a英语@AYing Yu@x水平考试@j教材 |
| 606 | 0 | @a英语@AYing Yu@x阅读教学@x水平考试@j教材 |
| 690 | @aH310.41@v5 | |
| 701 | 0 | @a陆航@ALu Hang@f(197?~)@4主编 |
| 701 | 0 | @a檀琦@ATan Qi@c(女)@4主编 |
| 702 | 0 | @a张争@AZhang Zheng@c(英语教学)@4编著 |
| 801 | 0 | @aCN@bTANGWEI@c20160812 |
| 905 | @b0893446-50@dH310.41@e1600@f5 | |
| 雅思标准教材.阅读分册/陆航,檀琦主编/张争编著 .-北京:中国人民大学出版社,2014 |
| 209页;26cm |
| ISBN 978-7-300-18320-6:CNY35.00 |
| 本书分为四章,内容包括:雅思阅读简介、培养雅思学术类阅读核心备考能力、常见题型及解题技巧、雅思阅读模拟练习。 |
| ● |
| 相关链接 |
|
|
|
|
正题名:雅思标准教材
索取号:H310.41/1600
 
预约/预借
| 序号 | 登录号 | 条形码 | 馆藏地/架位号 | 状态 | 备注 |
| 1 | 0893446 | 208934466 | 第二样本阅览室/ [索取号:H310.41/1600] | 在馆 | |
| 2 | 0893447 | 208934475 | 第四借阅区/ [索取号:H310.41/1600] | 在馆 | |
| 3 | 0893448 | 208934484 | 第四借阅区/ [索取号:H310.41/1600] | 在馆 | |
| 4 | 0893449 | 208934493 | 第四借阅区/ [索取号:H310.41/1600] | 在馆 | |
| 5 | 0893450 | 208934509 | 第四借阅区/ [索取号:H310.41/1600] | 在馆 |